UM Logo

Philippine journalism handbook/ (Record no. 11879)

MARC details
000 -LEADER
fixed length control field 00604nam a22001817a 4500
008 - FIXED-LENGTH DATA ELEMENTS--GENERAL INFORMATION
fixed length control field 190111b ||||| |||| 00| 0 eng d
020 ## - INTERNATIONAL STANDARD BOOK NUMBER
International Standard Book Number 971-083-437-1
050 ## - LIBRARY OF CONGRESS CALL NUMBER
Classification number 3rd edition
082 ## - DEWEY DECIMAL CLASSIFICATION NUMBER
Edition number ©1989
Classification number DFil 070.599
Item number R145
100 ## - MAIN ENTRY--PERSONAL NAME
Personal name Ramirez, Jaime B.
9 (RLIN) 33799
245 ## - TITLE STATEMENT
Title Philippine journalism handbook/
Statement of responsibility, etc. Jaime B. Ramirez
260 ## - PUBLICATION, DISTRIBUTION, ETC. (IMPRINT)
Place of publication, distribution, etc. Manila:
Name of publisher, distributor, etc. National Book Store,
Date of publication, distribution, etc. ©1989
300 ## - PHYSICAL DESCRIPTION
Extent xxiv, 634 pages ;
Dimensions 22 cm.
500 ## - GENERAL NOTE
General note Includes bibliographical references and index.
650 ## - SUBJECT ADDED ENTRY--TOPICAL TERM
Topical term or geographic name as entry element Journalism
General subdivision Handbooks, manuals, etc.
Geographic subdivision Philippines
9 (RLIN) 33800
365 ## - TRADE PRICE
Price amount 300.00
Currency code Php.
942 ## - ADDED ENTRY ELEMENTS (KOHA)
Source of classification or shelving scheme Dewey Decimal Classification
Koha item type Filipiniana
Holdings
Withdrawn status Lost status Source of classification or shelving scheme Damaged status Not for loan Collection code Home library Current library Date acquired Source of acquisition Cost, normal purchase price Total Checkouts Full call number Barcode Date last seen Copy number Price effective from Koha item type
    Dewey Decimal Classification     Filipiniana UM Digos College - LIC UM Digos College - LIC 01/12/2014 Purchased 300.00   DFil 070.599 R145 1989 18045 05/15/2025 1 01/11/2019 Filipiniana
    Dewey Decimal Classification     Filipiniana UM Digos College - LIC UM Digos College - LIC 01/12/2004 Purchased 300.00   DFil 070.599 R145 1989 18046 05/15/2025 2 01/11/2019 Filipiniana
    Dewey Decimal Classification     Filipiniana UM Digos College - LIC UM Digos College - LIC 01/12/2004 Purchased 300.00   DFil 070.599 R145 1989 18047 05/15/2025 3 01/11/2019 Filipiniana
    Dewey Decimal Classification     Filipiniana UM Digos College - LIC UM Digos College - LIC 01/12/2004 Purchased 300.00   DFil 070.599 R145 1989 18048 05/15/2025 4 01/11/2019 Filipiniana
    Dewey Decimal Classification     Filipiniana UM Digos College - LIC UM Digos College - LIC 01/12/2004 Purchased 300.00   DFil 070.599 R145 1989 18049 05/15/2025 5 01/11/2019 Filipiniana